000 00329nam a22001577a 4500
003 SGT
020 _a978-93-5930-161-7
082 _a346.07
_bKUC
100 _aKUCHAHAL, M.C.
245 _aBUSINESS LAW
250 _a9TH
260 _aINDIA
_bVIKASH PUB.
_c2024
300 _a471
650 _aBUSINESS LAW
942 _2ddc
_cBK
999 _c29488
_d29488